[Event "AUTO-OPEN-2483"]
[Site "http://www.queenalice.com/game.php?id=987383"]
[Date "2011.9.20"]
[Round "1"]
[White "kamikaze"]
[Black "faresjo"]
[Result "1-0"]
[WhiteElo "2177"]
[BlackElo "1894"]

1. d4 Nf6 2. c4 e6 3. Nc3 Bb4 4. Bd2 c5 5. d5 exd5 6. cxd5 d6 7. a3 Ba5 8. h3
O-O 9. Nf3 Bf5 10. e3 a6 11. Be2 b5 12. O-O Nbd7 13. Nh4 Bg6 14. Nxg6 hxg6 15.
Bf3 Ne5 16. Be2 c4 17. b4 Bb6 18. Rc1 Qe7 19. e4 Qa7 20. Bg5 Nh7 21. Bh4 Rfe8
22. Bg3 Nf6 23. a4 Qd7 24. a5 Ba7 25. Qd2 Qc7 26. Kh1 Ned7 27. Bf3 Ne5 28. Bxe5
Rxe5 29. Qf4 Rae8 30. Rce1 Bd4 31. Ne2 Ba7 32. Qc1 1-0

[Event "AUTO-OPEN-2483"]
[Site "http://www.queenalice.com/game.php?id=987384"]
[Date "2011.9.20"]
[Round "1"]
[White "faresjo"]
[Black "kamikaze"]
[Result "0-1"]
[WhiteElo "2075"]
[BlackElo "2166"]

1. e4 e5 2. Nf3 d6 3. d4 exd4 4. Nxd4 a6 5. Be2 c5 6. Nf3 Nc6 7. O-O Nf6 8. Re1
Be7 9. Nbd2 O-O 10. a4 Bd7 11. c3 h6 12. Qc2 Qc7 13. Nc4 Rae8 14. Bf4 Nh5 15.
Be3 f5 16. Nh4 Bxh4 17. Bxh5 Rxe4 18. Rad1 Rxc4 0-1

[Event "AUTO-OPEN-2483"]
[Site "http://www.queenalice.com/game.php?id=987403"]
[Date "2011.9.20"]
[Round "1"]
[White "hugo2011"]
[Black "faresjo"]
[Result "0-1"]
[WhiteElo "1500"]
[BlackElo "2062"]

1. e4 c5 2. d4 cxd4 3. Qxd4 Nc6 4. Qd1 d6 5. Bb5 Nf6 6. Nc3 g6 7. Bg5 Bg7 8. e5
dxe5 9. Qxd8+ Kxd8 10. O-O-O+ Kc7 11. Nf3 Bg4 12. Nd5+ Nxd5 13. Rxd5 Bxf3 14.
gxf3 f6 15. Be3 a6 16. Bxc6 bxc6 17. Rd3 Rhd8 18. Rb3 Rab8 19. Bc5 Rxb3 20. axb3
e6 21. c4 Bh6+ 22. Kb1 Rd2 23. Be7 f5 24. Re1 Rxf2 25. Rxe5 Kd7 26. Bh4 Rxh2 27.
Bf6 Rf2 28. Ra5 Rxf3 29. Kc2 Rf2+ 30. Kc3 Bd2+ 31. Kd4 Bxa5 0-1

[Event "AUTO-OPEN-2483"]
[Site "http://www.queenalice.com/game.php?id=987404"]
[Date "2011.9.20"]
[Round "1"]
[White "faresjo"]
[Black "hugo2011"]
[Result "1-0"]
[WhiteElo "2056"]
[BlackElo "1500"]

1. e4 e5 2. Nf3 Nc6 3. Bb5 Nf6 4. O-O Nxe4 5. Re1 d5 6. Nxe5 Qg5 7. Nxc6 a6 8.
Ba4 b5 9. Bb3 Bh3 10. Qf3 Bg4 11. Qe3 Qxe3 12. Rxe3 Bc5 13. d4 Bd6 14. Bxd5 f5
15. f3 Bf4 16. Rxe4+ fxe4 17. Bxf4 exf3 18. gxf3 Bh3 19. Nd2 h6 20. Re1+ Kd7 21.
Re7+ Kc8 22. Rxc7# 1-0

[Event "sorim"]
[Site "http://www.queenalice.com/game.php?id=989120"]
[Date "2011.9.24"]
[Round "1"]
[White "msbasso01"]
[Black "faresjo"]
[Result "1/2-1/2"]
[WhiteElo "2031"]
[BlackElo "2064"]

1. e4 c5 2. Nf3 d6 3. d4 cxd4 4. Nxd4 Nf6 5. Nc3 g6 6. Be3 Bg7 7. Bc4 O-O 8. O-O
Ng4 9. Bg5 h6 10. Bh4 Ne5 11. Bb3 Nbc6 12. Nf3 Nxf3+ 13. Qxf3 Nd4 14. Qd3 g5 15.
Bg3 Nxb3 16. cxb3 Be6 17. Rac1 Qa5 18. Ra1 Rac8 19. Rfc1 a6 20. h3 b5 21. f4 b4
22. Na4 Bd7 23. Qd2 Bxa4 24. bxa4 Qxa4 25. fxg5 hxg5 26. Qxg5 Rxc1+ 27. Qxc1 Qb5
1/2-1/2

[Event "AUTO-OPEN-2493"]
[Site "http://www.queenalice.com/game.php?id=990553"]
[Date "2011.9.27"]
[Round "1"]
[White "Copelli"]
[Black "faresjo"]
[Result "1-0"]
[WhiteElo "1674"]
[BlackElo "2065"]

1. d4 Nf6 2. c4 e6 3. Nc3 Bb4 4. a3 Bxc3+ 5. bxc3 O-O 6. Bg5 d5 7. e3 c6 8. Nf3
Qa5 9. Bxf6 Qxc3+ 10. Nd2 gxf6 11. Qc1 Qxc1+ 12. Rxc1 Nd7 13. cxd5 cxd5 14. Bd3
a6 15. O-O b5 16. Nb3 e5 17. f3 Nb6 18. Kf2 Be6 19. Nc5 exd4 20. exd4 Nc4 21.
Rfe1 Nb2 22. Bc2 Nc4 23. a4 b4 24. Nxe6 fxe6 25. Rxe6 a5 26. Re7 h5 27. Bh7+ Kh8
28. Rce1 b3 29. Bg6 b2 30. Rb7 Rab8 31. Rh7+ Kg8 32. Ree7 1-0

[Event "AUTO-OPEN-2493"]
[Site "http://www.queenalice.com/game.php?id=990554"]
[Date "2011.9.27"]
[Round "1"]
[White "faresjo"]
[Black "Copelli"]
[Result "1-0"]
[WhiteElo "2084"]
[BlackElo "1334"]

1. e4 e5 2. Nf3 Nf6 3. Nc3 Bb4 4. Bc4 Nc6 5. d3 d5 6. exd5 Nxd5 7. Bxd5 Qxd5 8.
O-O Bxc3 9. bxc3 Bg4 10. c4 Qe6 11. Ba3 Nd4 12. Nxd4 Qd7 13. Nf3 Qf5 14. Re1
Bxf3 15. Qxf3 Qxf3 16. Rxe5+ 1-0

[Event "AUTO-OPEN-2493"]
[Site "http://www.queenalice.com/game.php?id=990581"]
[Date "2011.9.27"]
[Round "1"]
[White "faresjo"]
[Black "fluffybunnyfeet"]
[Result "1/2-1/2"]
[WhiteElo "2084"]
[BlackElo "2084"]

1. e4 c5 2. Nf3 a6 3. d4 cxd4 4. Nxd4 Nf6 5. Nc3 e5 6. Nb3 Bb4 7. Bg5 h6 8. Bxf6
Bxc3+ 9. bxc3 Qxf6 10. Be2 O-O 11. O-O d6 12. Rb1 Qg6 13. Qd3 Nc6 14. Rfd1 Rd8
15. Nd2 Be6 16. a3 b5 17. Nf1 d5 18. exd5 Qxd3 19. Rxd3 Bxd5 20. Ne3 Be4 21.
Rxd8+ Rxd8 22. f3 Bg6 23. Rd1 f5 24. c4 Rxd1+ 25. Nxd1 Nd4 26. Bd3 e4 27. fxe4
fxe4 28. Bf1 Nxc2 29. cxb5 axb5 30. Bxb5 Nxa3 31. Ba4 Kf7 32. Kf2 Kf6 33. Bb3
Ke5 34. Ke3 Nb5 35. Nf2 Nd6 36. Ng4+ Kf5 37. h3 h5 38. Nf2 Ke5 1/2-1/2

[Event "AUTO-OPEN-2493"]
[Site "http://www.queenalice.com/game.php?id=990582"]
[Date "2011.9.27"]
[Round "1"]
[White "fluffybunnyfeet"]
[Black "faresjo"]
[Result "1/2-1/2"]
[WhiteElo "2084"]
[BlackElo "2084"]

1. e4 c5 2. Nf3 d6 3. c3 Nc6 4. d4 cxd4 5. cxd4 Nf6 6. Nc3 g6 7. Be2 Bg7 8. O-O
O-O 9. h3 a6 10. Be3 b5 11. a3 Bb7 12. d5 Nb8 13. Nd4 Nbd7 14. f4 Nb6 15. Rc1
Rc8 16. Rc2 Nfd7 17. Kh1 Nc5 18. b4 Ncd7 19. Qd2 Nc4 20. Bxc4 Rxc4 21. Rfc1 Qa8
22. Kg1 Rfc8 23. Qd3 R8c7 24. Nde2 Qc8 25. Bd4 Bxd4+ 26. Nxd4 Nb6 27. Nce2 Rxc2
28. Rxc2 Rxc2 29. Nxc2 Qc4 30. Qxc4 Nxc4 31. Kf2 e6 32. Nc3 Kg7 33. g4 Kf6 34.
g5+ Ke7 35. Kg3 Nb6 36. Ne3 Kd7 37. Kg4 Ke7 38. Kg3 1/2-1/2

[Event "Torneo Mundial 2"]
[Site "http://www.queenalice.com/game.php?id=992358"]
[Date "2011.10.1"]
[Round "4"]
[White "renard77"]
[Black "faresjo"]
[Result "1/2-1/2"]
[WhiteElo "1905"]
[BlackElo "2067"]

1. d4 Nf6 2. Nc3 e6 3. e4 Bb4 4. a3 Bxc3+ 5. bxc3 Nxe4 6. Qd3 d5 7. g3 O-O 8.
Bg2 Nf6 9. Nf3 Nbd7 10. O-O c5 11. Be3 c4 12. Qe2 b5 13. Nh4 Bb7 14. f4 Ne4 15.
Bxe4 dxe4 16. a4 a6 17. f5 e5 18. Qg4 Nf6 19. Qg5 Nd5 20. Qxd8 Rfxd8 21. Bd2
exd4 22. cxd4 c3 23. Be1 Ne3 24. Rf2 Rac8 25. f6 Rxd4 26. fxg7 Kxg7 27. axb5
axb5 28. Ng2 Nxg2 29. Rxg2 e3 30. Re2 Re4 31. Ra7 Bd5 32. h4 b4 33. Ra4 Rc6 34.
Kh2 Bc4 35. Rxb4 f5 36. Bxc3+ Kg6 37. Re1 e2 38. Bd2 Rd6 39. Bc3 Rd1 40. Kg1 Re3
41. Bd2 Rxd2 42. Rxc4 Rxg3+ 43. Kf2 Rh3 44. Kg2 Re3 45. Kf2 1/2-1/2

[Event "AUTO-ADV-2198"]
[Site "http://www.queenalice.com/game.php?id=995203"]
[Date "2011.10.9"]
[Round "2"]
[White "frank_lasker"]
[Black "faresjo"]
[Result "1-0"]
[WhiteElo "1844"]
[BlackElo "2030"]

1. e4 c5 2. d4 cxd4 3. Qxd4 Nc6 4. Qa4 d6 5. Bb5 Bd7 6. Nf3 Nf6 7. O-O g6 8. Nc3
Bg7 9. Bf4 O-O 10. e5 Nh5 11. exd6 Nxf4 12. Qxf4 exd6 13. Qxd6 Bxc3 14. bxc3 Bf5
15. Qd2 Qf6 16. Bxc6 Qxc6 17. h4 Rfd8 18. Nd4 Qd7 19. h5 Kg7 20. Nxf5+ Qxf5 21.
h6+ Kg8 22. Qe2 Re8 23. Qf3 Qxf3 24. gxf3 f5 25. Kg2 Rac8 26. Rab1 b6 27. Rfd1
Rxc3 28. Rd7 Ra3 29. Rbd1 Re6 30. Rg7+ Kf8 31. Rdd7 g5 32. Rxh7 1-0

[Event "AUTO-ADV-2198"]
[Site "http://www.queenalice.com/game.php?id=995204"]
[Date "2011.10.9"]
[Round "2"]
[White "faresjo"]
[Black "frank_lasker"]
[Result "0-1"]
[WhiteElo "2007"]
[BlackElo "1867"]

1. e4 e5 2. Nf3 Nf6 3. Nc3 Nc6 4. Bb5 d5 5. exd5 Nxd5 6. O-O Bc5 7. d3 O-O 8.
Bxc6 bxc6 9. Nxe5 Nxc3 10. bxc3 Qf6 11. Nf3 Qxc3 12. Rb1 Bg4 13. Bb2 Qa5 14. d4
Bd6 15. h3 Bh5 16. g4 Bg6 17. Ra1 f5 18. Nh4 fxg4 19. Nxg6 hxg6 20. Qxg4 Rf5 21.
h4 g5 22. h5 Rf4 23. Qe6+ Kh8 24. h6 Rg8 25. hxg7+ Kxg7 26. d5+ Kf8 27. Rae1
Rg4+ 28. Qxg4 Qxd5 29. Qe4 Qf7 30. Re3 Bh2+ 31. Kg2 Qd5 32. Rf3+ Bf4 0-1

[Event "AUTO-ADV-2198"]
[Site "http://www.queenalice.com/game.php?id=995205"]
[Date "2011.10.9"]
[Round "2"]
[White "Redtom"]
[Black "faresjo"]
[Result "1-0"]
[WhiteElo "2084"]
[BlackElo "1859"]

1. e4 c5 2. Nf3 d6 3. Bb5+ Bd7 4. Bxd7+ Qxd7 5. O-O Nc6 6. d4 cxd4 7. Nxd4 Nf6
8. Nc3 g6 9. Bg5 Bg7 10. f3 O-O 11. Re1 Nxd4 12. Qxd4 a6 13. Rad1 Qc6 14. e5
dxe5 15. Qxe5 Rfe8 16. Qe2 e6 17. Rd2 Qb6+ 18. Qe3 Qxb2 19. Rb1 Qa3 20. Rb3 Qc1+
21. Kf2 b5 22. h4 e5 23. Qe2 Qh1 24. Rb1 Qh2 25. Rdd1 e4 26. Rh1 Qe5 27. Bxf6
Bxf6 28. Nxe4 Bd8 29. Qd2 Bb6+ 30. Kf1 Rad8 31. Qb4 1-0

[Event "AUTO-ADV-2198"]
[Site "http://www.queenalice.com/game.php?id=995206"]
[Date "2011.10.9"]
[Round "2"]
[White "faresjo"]
[Black "Redtom"]
[Result "0-1"]
[WhiteElo "2077"]
[BlackElo "2103"]

1. e4 d5 2. exd5 Nf6 3. d4 Bg4 4. Be2 Bxe2 5. Nxe2 Qxd5 6. Nbc3 Qxg2 7. Ng3 Nc6
8. Bf4 O-O-O 9. Nb5 e5 10. Be3 exd4 11. Bf4 Bb4+ 0-1